| 000 -LEADER |
| fixed length control field |
01164nam a2200229Ia 4500 |
| 001 - CONTROL NUMBER |
| control field |
11543 |
| 003 - CONTROL NUMBER IDENTIFIER |
| control field |
GE_BSU |
| 008 - FIXED-LENGTH DATA ELEMENTS--GENERAL INFORMATION |
| fixed length control field |
181216s||||||||xx |||||||||||||| ||und|| |
| 040 ## - CATALOGING SOURCE |
| Transcribing agency |
GE_BSU |
| 080 ## - UNIVERSAL DECIMAL CLASSIFICATION NUMBER |
| Universal Decimal Classification number |
63:54(075.8)+631.8(075.8) |
| 245 ## - TITLE STATEMENT |
| Title |
აგროქიმია. ნაწ.1. |
| 245 ## - TITLE STATEMENT |
| Remainder of title |
სახელმძღვ.სას.სამ.უმაღლ.სასწავლებლების აგრონომიული ფაკ–ტების სტუდენტებისათვის. |
| 245 ## - TITLE STATEMENT |
| Statement of responsibility, etc. |
პ.სმირნოვისა და ა.პეტერბურგსკის რედ.თარგმანი; მთარგმ:ა.მენაღარიშვილი;გ.აბესაძე; ი.ნაკაიძე; რედ:ლ.მესხი. |
| 250 ## - EDITION STATEMENT |
| Edition statement |
გადამუშ და შევსებ.მე–3 რუსული გამოცემიდან. |
| 260 ## - PUBLICATION, DISTRIBUTION, ETC. |
| Place of publication, distribution, etc. |
თბილისი. |
| 260 ## - PUBLICATION, DISTRIBUTION, ETC. |
| Name of publisher, distributor, etc. |
განათლება. |
| 260 ## - PUBLICATION, DISTRIBUTION, ETC. |
| Date of publication, distribution, etc. |
1979. |
| 300 ## - PHYSICAL DESCRIPTION |
| Extent |
418გვ;22სმ. |
| 300 ## - PHYSICAL DESCRIPTION |
| Accompanying material |
ცხრ. |
| 653 ## - INDEX TERM--UNCONTROLLED |
| Uncontrolled term |
აგროქიმია. ნაწ.1. |
| 942 ## - ADDED ENTRY ELEMENTS (KOHA) |
| Koha item type |
წიგნი |